Statistics for Largest cities in Zimbabwe

Click here to take the quiz!

General Stats

  • This quiz has been taken 42 times
  • The average score is 3 of 6

Answer Stats

Answer % Correct
Harare
100%
Bulawayo
75%
Gweru
50%
Mutare
42%
Chitungwiza
33%
Epworth
17%

Score Distribution

Percentile by Number Answered

Percent of People with Each Score

Your Score History

You have not taken this quiz